Система менеджмента качества в вузе; Инженерное образование; № 3

Detalles Bibliográficos
Parent link:Инженерное образование: электронный научный журнал/ Ассоциация инженерного образования России (АИОР).— : [Б. и.], 2003-.— 1810-2883
№ 3.— 2005.— [С. 62-73]
Autor principal: Коровкин М. В. Михаил Владимирович
Otros Autores: Могильницкий С. Б. Сергей Борисович, Чучалин А. И. Александр Иванович
Sumario:Заглавие с титульного листа
The paper is based on problems of the quality assurance in education by establishing and certifying quality management systems in higher education institutions. This paper presents a number of the most common models used by higher education institutions in establishing quality management systems for educational services and research. Based on the practical experience, authors propose one of the possible variants of forming the quality management system and its certification in a higher education institution.
Lenguaje:ruso
Publicado: 2005
Colección:Система менеджмента качества высшего профессионального заведения
Materias:
Acceso en línea:https://old.aeer.ru/files/io/m3/art_9.pdf
Formato: Electrónico Capítulo de libro
KOHA link:https://koha.lib.tpu.ru/cgi-bin/koha/opac-detail.pl?biblionumber=506383

MARC

LEADER 00000naa2a2200000 4500
001 506383
005 20250520152630.0
035 |a (RuTPU)RU\TPU\prd\177292 
035 |a RU\TPU\prd\177291 
090 |a 506383 
100 |a 20130514d2005 k y0rusy50 ca 
101 0 |a rus 
102 |a RU 
135 |a drnn ---uucaa 
181 0 |a i  
182 0 |a b 
200 1 |a Система менеджмента качества в вузе  |f М. В. Коровкин, С. Б. Могильницкий, А. И. Чучалин 
203 |a Текст  |c электронный 
215 |a 1 файл (376 Кб) 
225 1 |a Система менеджмента качества высшего профессионального заведения 
300 |a Заглавие с титульного листа 
320 |a [Библиогр.: с. 73 (5 назв.)] 
330 |a The paper is based on problems of the quality assurance in education by establishing and certifying quality management systems in higher education institutions. This paper presents a number of the most common models used by higher education institutions in establishing quality management systems for educational services and research. Based on the practical experience, authors propose one of the possible variants of forming the quality management system and its certification in a higher education institution. 
337 |a Adobe Reader 
461 1 |0 (RuTPU)RU\TPU\prd\176632  |x 1810-2883  |t Инженерное образование  |o электронный научный журнал  |f Ассоциация инженерного образования России (АИОР)  |n [Б. и.]  |d 2003- 
463 1 |0 (RuTPU)RU\TPU\prd\177282  |t № 3  |v [С. 62-73]  |d 2005 
610 1 |a высшие учебные заведения 
610 1 |a вузы 
610 1 |a СМК 
610 1 |a система менеджмента качества 
610 1 |a высшее образование 
610 1 |a качество 
610 1 |a создание 
610 1 |a сертификация 
610 1 |a труды учёных ТПУ 
610 1 |a электронный ресурс 
700 1 |a Коровкин  |b М. В.  |c геофизик  |c профессор Томского политехнического университета, доктор физико-математических наук  |c главный эксперт центра качества Томского технологического института  |f 1952-  |g Михаил Владимирович  |3 (RuTPU)RU\TPU\pers\26067  |9 11905 
701 1 |a Могильницкий  |b С. Б.  |c физик  |c доцент Томского политехнического университета, кандидат физико-математических наук  |f 1951-  |g Сергей Борисович  |3 (RuTPU)RU\TPU\pers\25470 
701 1 |a Чучалин  |b А. И.  |c профессор Томского политехнического университета, доктор технических наук  |c проректор по образовательной и международной деятельности  |f 1952-  |g Александр Иванович  |3 (RuTPU)RU\TPU\pers\22021 
801 1 |a RU  |b 63413507  |c 20090623  |g PSBO 
801 2 |a RU  |b 63413507  |c 20160310  |g PSBO 
856 4 |u https://old.aeer.ru/files/io/m3/art_9.pdf 
942 |c BK